000 00278nam a22001097a 4500
082 _a546.4 HOL,T
100 _aHOLMYARD, E.J:PALMER, W.G
_973235
245 _aA TEXT BOOK OF THEORETICAL & INORGANIC CHEMISTRY
260 _aLONDON
_bJ.M DENT
_c1959
300 _a854P
942 _cBK
999 _c579049
_d579049